Statistics for Countries By Argentine Population

Click here to take the quiz!

General Stats

  • This quiz has been taken 33 times
    (32 since last reset)
  • The average score is 16 of 20

Answer Stats

TotalAnswer% Correct
45,8 milArgentina
100%
87,420Brazil
96%
321,740Spain
96%
169,980United States
96%
14,880Mexico
93%
79,280Chile
89%
45,430Uruguay
89%
50,670Paraguay
86%
24,240Australia
82%
27,700Bolivia
82%
39,880Canada
82%
11,940Colombia
82%
26,780France
82%
12,660United Kingdom
82%
52,110Italy
79%
9,010Ecuador
75%
10,340Germany
75%
3,890Japan
50%
48,320Israel
43%
5,760Switzerland
36%

Score Distribution

Percentile by Number Answered

Percent of People with Each Score

Your Score History

You have not taken this quiz since the last reset